|
|
|
|
| LEADER |
01950cam a2200409 a 4500 |
| 001 |
c000214775 |
| 003 |
CARM |
| 005 |
20031007212629.0 |
| 008 |
950329s1995 xna 000 0 eng d |
| 019 |
1 |
|
|a 11505896
|5 LACONCORD2021
|
| 020 |
|
|
|a 0063121468 :
|c $24.95
|
| 035 |
|
|
|a (OCoLC)37080074
|5 LACONCORD2021
|
| 040 |
|
|
|a ANB:REV
|b eng
|c ANB:REV
|d ANB:REV
|
| 042 |
|
|
|a anuc
|
| 043 |
|
|
|a u-at---
|
| 050 |
1 |
4 |
|a HG4026
|b .P74 1995
|
| 082 |
0 |
4 |
|a 658.150994
|a 658.150994
|2 20
|
| 082 |
0 |
4 |
|a 658.150994
|
| 100 |
1 |
|
|a Hartshorn, Richard.
|
| 245 |
1 |
0 |
|a Study guide to accompany Principles of managerial finance in Australia /
|c Richard Hartshorn, Thomas M. Krueger, D. Anthony Plath.
|
| 260 |
|
|
|a Pymble, N.S.W. :
|b HarperEducational,
|c c1995.
|
| 300 |
|
|
|a viii, 306 p. ;
|c 24 cm.
|
| 500 |
|
|
|a CIP changed: former main entry was Krueger, Thomas M., with title Study guide to accompany Gitman, Juchau, Pearson and Clemens principles of managerial finance in Australia.
|
| 500 |
|
|
|a "Adapted ... from Krueger, Thomas M. and Plath, D. Anthony, Principles of managerial finance (7th edition)."
|
| 521 |
|
|
|a Tertiary students.
|
| 650 |
|
0 |
|a Corporations
|z Australia
|x Finance.
|
| 650 |
|
0 |
|a Business enterprises
|z Australia
|x Finance.
|
| 650 |
|
0 |
|a Corporations
|z Australia
|x Finance
|x Problems, exercises, etc.
|
| 650 |
|
0 |
|a Business enterprises
|z Australia
|x Finance
|x Problems, exercises, etc.
|
| 700 |
1 |
|
|a Krueger, Thomas M.
|
| 700 |
1 |
|
|a Plath, D. Anthony.
|
| 700 |
1 |
|
|a Gitman, Lawrence J.
|q (Lawrence Jeffrey),
|d 1946-.
|t Principles of managerial finance in Australia.
|
| 700 |
1 |
|
|a Krueger, Thomas M.
|t Principles of managerial finance.
|s 7th ed.
|
| 730 |
0 |
|
|a Principles of managerial finance in Australia.
|
| 852 |
8 |
|
|b CARM
|h A2:AP21B0
|i C07855
|p 0253735
|f BK
|
| 999 |
f |
f |
|i 5fb5ca6b-2881-520f-9a40-8fa58e687b12
|s 8fc07223-b4a3-565b-858d-40576720d19a
|
| 952 |
f |
f |
|p Can circulate
|a CAVAL
|b CAVAL
|c CAVAL
|d CARM 1 Store
|e C07855
|f A2:AP21B0
|h Other scheme
|i book
|m 0253735
|